The letters of Arthur Henry Hallam /

Bibliographic Details
Main Author: Hallam, Arthur Henry, 1811-1833
Other Authors: Kolb, Jack, 1946-
Format: Book
Language:English
Published: Columbus : Ohio State University Press, [1981]
Subjects:

MARC

Tag First Indicator Second Indicator Subfields
LEADER 00000cam a22000008a 4500
001 in00000077857
005 20151008055038.0
008 790424s1981 ohua b s00110aengm
010 |a  79013490  
020 |a 0814203000 
035 |a (OCoLC)04983432 
035 |9 AAJ2407AM 
040 |a DLC  |c DLC  |d m.c.  |d TXA  |d UtOrBLW 
049 |a TXAM  |c [1672569] 
050 0 0 |a PR4735.H4  |b Z53 1981 
082 0 |a 824/.7  |a B 
100 1 |a Hallam, Arthur Henry,  |d 1811-1833. 
245 1 4 |a The letters of Arthur Henry Hallam /  |c edited by Jack Kolb. 
263 |a 7908 
264 1 |a Columbus :  |b Ohio State University Press,  |c [1981] 
264 4 |c ©1981 
300 |a xix, 841 pages :  |b illustrations ;  |c 24 cm. 
336 |a text  |b txt  |2 rdacontent 
337 |a unmediated  |b n  |2 rdamedia 
338 |a volume  |b nc  |2 rdacarrier 
504 |a Includes bibliographical references and index. 
600 1 0 |a Hallam, Arthur Henry,  |d 1811-1833  |x Correspondence. 
650 0 |a Poets, English  |y 19th century  |v Correspondence. 
700 1 |a Kolb, Jack,  |d 1946- 
999 |a MARS 
999 f f |s 7bf08211-5c97-37a9-aa4c-28f46debee37  |i 9804b88d-9f1a-3f1c-a643-f72debf2403b  |t 0 
952 f f |p normal  |a Texas A&M University  |b College Station  |c Sterling C. Evans Library  |d Evans: Library Stacks  |t 0  |e PR4735.H4 Z53 1981  |h Library of Congress classification  |i unmediated -- volume  |m A14806185350 
998 f f |a PR4735.H4 Z53 1981  |t 0  |l Evans: Library Stacks